Living in the Light (Record no. 25240)

MARC details
000 -LEADER
fixed length control field 01239nam a22001937a 4500
003 - CONTROL NUMBER IDENTIFIER
control field AUA.1
005 - DATE AND TIME OF LATEST TRANSACTION
control field 20251027095229.0
008 - FIXED-LENGTH DATA ELEMENTS--GENERAL INFORMATION
fixed length control field 251027b |||||||| |||| 00| 0 eng d
020 ## - INTERNATIONAL STANDARD BOOK NUMBER
International Standard Book Number 9780828029506
040 ## - CATALOGING SOURCE
Transcribing agency AUA
050 ## - LIBRARY OF CONGRESS CALL NUMBER
Classification number BX6147
Item number .L56 2025
100 ## - MAIN ENTRY--PERSONAL NAME
Personal name Ellen G. White
Dates associated with a name 1827-1915
Relator term author
Fuller form of name Ellen Gould (Harmon) White
245 ## - TITLE STATEMENT
Title Living in the Light
Statement of responsibility, etc Ellen G. White
260 ## - PUBLICATION, DISTRIBUTION, ETC. (IMPRINT)
Place of publication, distribution, etc n.p
Name of publisher, distributor, etc Review and Herald Publishing Association
Date of publication, distribution, etc 2025
300 ## - PHYSICAL DESCRIPTION
Extent 384 p.
Dimensions 24 cm
500 ## - GENERAL NOTE
General note This devotional features twelve major themes from the writings of Ellen White - one for each month of the year - and clusters the best of her counsels on each subject. The year begins with a focus on love, the most important theme, and transitions in February, March, April, and May to the essential topics of faith, family, friendship, and finance. June, July, and August will challenge readers in the areas of health, work, witnessing, and service. The final three months of the year highlight God's sustaining power in suffering, His precious gift of peace, and His wonderful assurance to those waiting and watching for Jesus' soon return. -- back cover<br/>
650 ## - SUBJECT ADDED ENTRY--TOPICAL TERM
General subdivision Daily Devotional
942 ## - ADDED ENTRY ELEMENTS (KOHA)
Source of classification or shelving scheme Library of Congress Classification
Koha item type Books
Classification part BX6147
Item part .L56 2025
Holdings
Withdrawn status Lost status Source of classification or shelving scheme Damaged status Not for loan Collection code Home library Current library Shelving location Date acquired Serial Enumeration / chronology Total Checkouts Full call number Date last seen Copy number Price effective from Koha item type
    Library of Congress Classification     Books Judith Thomas Library Judith Thomas Library EGW Estate Branch Office 27/10/2025 1316   BX6147 .L56 2025 27/10/2025 1 27/10/2025 Books
    Library of Congress Classification     Books Judith Thomas Library Judith Thomas Library EGW Estate Branch Office 27/10/2025 1317   BX6147 .L56 2025 27/10/2025 2 27/10/2025 Books